CML publishes updated mortgage and housing market forecasts (Record no. 83177)

MARC details
000 -LEADER
fixed length control field 00936cab a22002055a 4500
001 - CONTROL NUMBER
control field L153064
008 - FIXED-LENGTH DATA ELEMENTS--GENERAL INFORMATION
fixed length control field 110601e20110601xxk 000 0 eng d
035 ## - SYSTEM CONTROL NUMBER
System control number (Sirsi) u153064
041 0# - LANGUAGE CODE
Language code of text/sound track or separate title eng
110 2# - MAIN ENTRY--CORPORATE NAME
Corporate name or jurisdiction name as entry element Council of Mortgage Lenders
9 (RLIN) 5903
245 00 - TITLE STATEMENT
Title CML publishes updated mortgage and housing market forecasts
Medium [electronic resource]
260 ## - PUBLICATION, DISTRIBUTION, ETC.
Date of publication, distribution, etc. 2011
490 ## - SERIES STATEMENT
Series statement CML News and Views
Volume/sequential designation 10 1 June 2011
520 ## - SUMMARY, ETC.
Summary, etc. Council for Mortgage Lenders' revises its mortgage and housing market forecasts outlining its predictions up to the end of 2012. The aftermath of the global financial crisis continues to have a pronounced impact on mortgage and housing markets.
590 ## - LOCAL NOTE (RLIN)
Local note KA NTK
651 #4 - SUBJECT ADDED ENTRY--GEOGRAPHIC NAME
Geographic name ENGLAND AND WALES
690 ## - LOCAL SUBJECT ADDED ENTRY--TOPICAL TERM (OCLC, RLIN)
Topical term or geographic name as entry element PROPERTY-RESIDENTIAL PROPERTY-RESIDENTIAL PROPERTY MARKET
856 40 - ELECTRONIC LOCATION AND ACCESS
Uniform Resource Identifier <a href="https://www.cml.org.uk/cml/publications/newsandviews/90/332">https://www.cml.org.uk/cml/publications/newsandviews/90/332</a>
Public note View this item free of charge at www.cml.org.uk
942 ## - ADDED ENTRY ELEMENTS (KOHA)
Suppress in OPAC 0
Holdings
Withdrawn status Lost status Source of classification or shelving scheme Damaged status Not for loan Home library Current library Shelving location Date acquired Total Checkouts Full call number Barcode Date last seen Copy number Price effective from Koha item type
    Dewey Decimal Classification     Virtual Virtual Online 01/06/2011   ONLINE PUBLICATION 153064-2001 06/08/2019 1 06/08/2019 Journal article